TV Shows Missing 'K' Words Quiz Stats

 Plays Quiz Updated Sep 22, 2019

Score 0/18 Timer 03:00
3 Plays Today
Hint Answer % Correct
King
97.1%
Kitchen
95.8%
Kung
95.6%
Knight
92.5%
Kimmel
92.3%
Keeping
90.2%
Kombat
88.4%
Kids
82%
Kevin
80.7%
Hint Answer % Correct
Kong
79.9%
Kotter
69.6%
Knows
68.6%
Killer
67.7%
Kangaroo
61.4%
Key
59.6%
Kennedy
37.1%
Krypto
26.5%
Korra
23.7%

You're not logged in!

Compare scores with friends on all Sporcle quizzes.
OR
Log In

Sporcle TV

Today on Sporcle TV


Watch our educational content, quiz creation guides, and fun videos on Sporcle TV.

Show Comments

Extras

Top Quizzes Today


Score Distribution

Your Account Isn't Verified!

In order to create a playlist on Sporcle, you need to verify the email address you used during registration. Go to your Sporcle Settings to finish the process.

Report this User

Report this user for behavior that violates our Community Guidelines.

Details: